000 00363nam a2200133Ia 4500
008 220204s9999 xx 000 0 und d
082 _a581.2:635.1/.8:632.9
_bCHU
100 _aCHUPP, Charles
245 0 _aVegetable diseases and their control
260 _aNew York
_bJohn Wiley
_c1960
650 _aVegetable diseases
700 _aSHERF, Arden F
942 _cBK
999 _c37312
_d37312